उपनिषदों के श्रेष्ठ कहानियां / (Record no. 117196)

MARC details
000 -LEADER
fixed length control field 01069nam a22002537a 4500
005 - DATE AND TIME OF LATEST TRANSACTION
control field 20170124103052.0
010 ## - LIBRARY OF CONGRESS CONTROL NUMBER
LC control number B-033577
020 ## - INTERNATIONAL STANDARD BOOK NUMBER
Terms of availability 100.00
035 ## - SYSTEM CONTROL NUMBER
System control number B-033577
037 ## - SOURCE OF ACQUISITION
Source of stock number/acquisition Cen Lib/Ret
040 ## - CATALOGING SOURCE
Original cataloging agency DPL
Language of cataloging HN
082 ## - DEWEY DECIMAL CLASSIFICATION NUMBER
Classification number
Item number व्यथि
100 ## - MAIN ENTRY--PERSONAL NAME
Personal name व्यथिहृदय
9 (RLIN) 70678
245 ## - TITLE STATEMENT
Title उपनिषदों के श्रेष्ठ कहानियां /
Statement of responsibility, etc व्यथिहृदय
246 ## - VARYING FORM OF TITLE
Title proper/short title Unpishadon ki shreshth kahaniyan /
Remainder of title by Vyathihridya
260 ## - PUBLICATION, DISTRIBUTION, ETC. (IMPRINT)
Place of publication, distribution, etc नई दिल्ली
Name of publisher, distributor, etc सुनील साहित्य सदन
Date of publication, distribution, etc 2000
270 ## - ADDRESS
City नई दिल्ली
Address 3320-21, जटवाडा, दरयागंज
Postal code 110002
300 ## - PHYSICAL DESCRIPTION
Extent 128पृ.
Dimensions 19सेमी (सजिल्द )
650 ## - SUBJECT ADDED ENTRY--TOPICAL TERM
Topical term or geographic name as entry element हिंदी साहित्य
General subdivision
Geographic subdivision
9 (RLIN) 70679
650 ## - SUBJECT ADDED ENTRY--TOPICAL TERM
Topical term or geographic name as entry element हिंदी साहित्य
Form subdivision
General subdivision कहानियां
9 (RLIN) 70680
650 ## - SUBJECT ADDED ENTRY--TOPICAL TERM
Topical term or geographic name as entry element Hindi literature
9 (RLIN) 70681
650 ## - SUBJECT ADDED ENTRY--TOPICAL TERM
Topical term or geographic name as entry element Hindi literature
General subdivision stories
9 (RLIN) 70682
942 ## - ADDED ENTRY ELEMENTS (KOHA)
Source of classification or shelving scheme Dewey Decimal Classification
Koha item type Hindi Books
Classification part
Call number suffix व्यथि
Holdings
Withdrawn status Lost status Damaged status Not for loan Home library Current library Date acquired Source of acquisition Cost, normal purchase price Total Checkouts Full call number Barcode Date last seen Date checked out Copy number Cost, replacement price Price effective from Koha item type
        Central Library Central Library 26/08/2015 Cen Lib/Ref 100.00 1 क व्यथि B-033577 08/11/2017 06/11/2017 1 100.00 26/08/2015 Hindi Books

© Delhi Public Library
Hit Counter
free hit counter